| 000 | 00632nam a2200241Ia 4500 | ||
|---|---|---|---|
| 999 |
_c21395 _d21395 |
||
| 003 | 0100 | ||
| 005 | 20200825115731.0 | ||
| 008 | 130303s9999 xx 000 0 und d | ||
| 020 | _a0394326091 | ||
| 040 | _cARRUPELIB | ||
| 050 | _aBJ1012.R49 1988 | ||
| 245 | _aRight conduct | ||
| 245 | _btheories and applications | ||
| 260 | _aNew York | ||
| 260 | _bRandom House | ||
| 300 | _axi | ||
| 300 | _b 350p. 25cm. | ||
| 650 |
_aETHICS _949795 |
||
| 650 |
_bReligion and sociology _949796 |
||
| 650 |
_cAfrica--Religion _949797 |
||
| 700 |
_aBayles, Michael D. and Henley, Kenneth (eds.) _949798 |
||
| 942 |
_2lcc _cMONOGRAPH |
||